One Piece - Utilisateurs de Paramecia - Statistiques

Statistiques générales
  • Ce quiz a été pris 7 766 fois
    7 368 depuis la dernière actualisation
  • Le résultat moyen est 35 sur 87
Statistiques - réponses
Nom % Correct
Monkey D. Luffy
97%
Nico Robin
87%
Don Quixote Doflamingo
81%
Edward Newgate
80%
Trafalgar D. Water Law
80%
Baggy
78%
Brook
78%
Charlotte Katakuri
78%
Charlotte Linlin
78%
Eustass Kid
75%
Gecko Moria
71%
Bentham
67%
Bartholomew Kuma
65%
Boa Hancock
62%
Daz Bonez
61%
Galdino
60%
Marshall D. Teach
59%
Jewerly Bonney
57%
Basil Hawkins
56%
Charlotte Cracker
54%
Charlotte Smoothie
54%
Capone Bege
53%
Gem
53%
Joz
51%
Absalom
50%
Bartolomeo
49%
Urouge
49%
Alvida
48%
Magellan
48%
Scratchmen Apoo
48%
Kalifa
47%
Pica
47%
Diamante
46%
Issho
46%
Perona
46%
Charlotte Oven
45%
Charlotte Perospero
45%
Don Quixote Rossinante
44%
Kin'emon
44%
Trébol
44%
Charlotte Pudding
43%
Emporio Ivankov
43%
Sugar
42%
Baby 5
41%
Bellamy
41%
Charlotte Brûlée
38%
Foxy
38%
Kurozumi Kanjuro
37%
Blueno
33%
Charlotte Daifuku
33%
Inazuma
33%
Mikita
33%
Señor Pink
33%
Charlotte Mont d'or
32%
Wapol
32%
Riku Viola
30%
Zala
30%
Tama
27%
Buffalo
26%
Hina
26%
Tsuru
26%
Vander Decken IX
26%
Charlotte Opera
25%
Raizo
24%
Gladius
23%
Léo
23%
Giolla
21%
Machvise
20%
Shiryu
20%
Shiki
19%
Kozuki Toki
17%
Shû
17%
Mansherry
16%
Belo Betty
15%
Charlotte Galette
14%
Morley
14%
Blamenco
12%
Shinobu
12%
Streusen
12%
Carmel
11%
Sanjuan Wolf
11%
Very Good
11%
Kelly Funk
10%
Charlotte Newshi
7%
Kurozumi Higurashi
7%
Kurozumi Semimaru
7%
Sharinguru
7%
Aucun quiz correspondant
Distribution des résultats
% des personnes avec chaque résultat
Percentile par nombre de réponses
Votre historique - résultats
Vous n’avez pas pris ce quiz depuis la dernière actualisation